| 000 | 00485nam a2200157 i 4500 | ||
|---|---|---|---|
| 001 | 93049 | ||
| 003 | ES-MaACL | ||
| 005 | 20230906181121.0 | ||
| 007 | t| | ||
| 008 | 050407s1968 sp ||||1| baq d | ||
| 100 | 1 |
_aLoidi Bizkarrondo, José Antonio. _973141 |
|
| 245 | 1 | 0 |
_aAmabost egun Urgain'en / _cJ. A. Loidi Bizcarrondo ; (Irudiak Nabaskues'tar José Luis). |
| 260 |
_aOñate : _bArantzazu, _c1968. |
||
| 300 |
_a225 p. : _bil. ; _c19 cm. |
||
| 852 |
_aES-MaACL _jC-51552 _bR.66957 |
||
| 999 |
_c93049 _d93049 |
||